000 00664nam a22002297a 4500
008 131030b xxu||||| |||| 00| 0 ger d
020 _a385114810X
041 0 _ager
080 _a316.334.2
_x(035)
100 1 _aSchülein, Johann August
245 1 0 _aSoziologie für Wirtschaftswissenschaftler /
_cJohann August Schülein
250 _a2. Auflage
260 _aWien :
_bFacultas Verlags ;
_c2003.
300 _a175 f. :
_c28 cm.
500 _aVorbemerkung : f. 5
505 _aLiteratur : f. 173-175
650 _aSociologjia
_xManual
700 1 _aSchülein, Johann August
700 1 _aMikl-Horke, Gertraude
700 1 _aSimsa, Ruth
942 _2udc
_cBK
999 _c214
_d214